000 00672nam a2200229 u 4500
005 20241105063733.0
008 110201s2006 mx r 000 0 spa d
020 _a9701058194
035 _aUPN01000179203
049 _aCG
050 4 _aBC177
_bCH3.2
100 1 _aChávez González, Pedro Teobaldo
_942706
245 1 0 _aComprensión y razonamiento verbal /
_cPedro Teobaldo Chávez González.
260 _aMéxico :
_bMcGraw Hill,
_c2006.
300 _a148 p. :
_bil.
440 0 _aCiencias sociales
650 4 _aRazonamiento
_93600
650 4 _aLenguaje
_93841
650 2 _aSolución de problemas
_92522
650 7 _aAbstracción
_2
_917927
905 _aLibro
999 _c151306
_d151306